000 00700nam a22001937a 4500
999 _c181531
_d181531
005 20220216161412.0
010 _aENG-129947
020 _a978-81-9447-151-6
_c795.00
035 _aEN-113479
037 _bDBAD/PUB
082 _a349.54
_b1
100 _aPalkhivala
245 _aEssays Reminiscences/
_c by Nani A. Palkhival edited by Arvind P.Dater
260 _bLexis Nexis publication
_a14th floor,Building No 10, Tower-B,DLF Cyber City, Phase-11,Gurgoan-122002,Haryana,India.
270 _bHaryana, India
_a14th floor,Building No 10, Tower-B,DLF Cyber City, Phase-11,Gurgoan-122002,Haryana,India.
300 _a532.00
_c25.00
700 _aArvind P.Datar
942 _2ddc
_cEN
_k349.54
_mESS